La Capitale la plus proche de chaque Capitale du Monde - Statistiques

Statistiques générales
  • Ce quiz a été pris 36 fois
  • Le résultat moyen est 64 sur 198
Statistiques - réponses
Réponse % Correct
Madrid
86%
Bruxelles
83%
Doha
79%
Tunis
76%
Damas
69%
Jérusalem
69%
Kinshasa
69%
Amsterdam
66%
Montevideo
66%
Buenos Aires
62%
Prague
62%
Vaduz
62%
Wellington
62%
Porto-Novo
59%
Quito
59%
Vienne
59%
Asuncion
55%
Lomé
55%
Nicosie
55%
Sarajevo
55%
Tallinn
55%
Amman
52%
Brazzaville
52%
Kigali
52%
Londres
52%
Madrid
52%
Skopje
52%
Sofia
52%
Andorre-la-Vieille
48%
Banjul
48%
Berlin
48%
Beyrouth
48%
Bruxelles
45%
Bujumbura
45%
Dakar
45%
Djibouti
45%
Islamabad
45%
Moroni
45%
Zagreb
45%
Guatemala
41%
Kaboul
41%
Koweït
41%
La Paz
41%
Porto-Novo
41%
San Salvador
41%
Tachkent
41%
Tbilissi
41%
Vientiane
41%
Vientiane
41%
Bruxelles
38%
Bucarest
38%
Lima
38%
Manille
38%
Maseru
38%
Nuku'Alofa
38%
Ottawa
38%
Ouagadougou
38%
Séoul
38%
Tbilissi
38%
Téhéran
38%
Tripoli
38%
Washington
38%
Antananarivo
34%
Banjul
34%
Berne
34%
Beyrouth
34%
Bratislava
34%
Bruxelles
34%
Buenos Aires
34%
Freetown
34%
Jérusalem
34%
Lusaka
34%
Pyongyang
34%
Sao Tomé
34%
Singapour
34%
Singapour
34%
Stockholm
34%
Vilnius
34%
Yaoundé
34%
Accra
31%
Bogota
31%
Buenos Aires
31%
Canberra
31%
Conakry
31%
Doha
31%
Erevan
31%
Harare
31%
La Valette
31%
Minsk
31%
Nairobi
31%
Paramaribo
31%
Rome
31%
Saint John’s
31%
Saint-Marin
31%
Séoul
31%
Vilnius
31%
Abou Dabi
28%
Bangkok
28%
Berne
28%
Bratislava
28%
Chisinau
28%
Dublin
28%
Georgetown
28%
Guatemala
28%
Guatemala
28%
Hanoï
28%
Helsinki
28%
Kigali
28%
Kingstown
28%
Kingstown
28%
Kinshasa
28%
La Valette
28%
Libreville
28%
Lomé
28%
Manama
28%
Manama
28%
Minsk
28%
Pékin
28%
Port-au-Prince
28%
Pyongyang
28%
Sanaa
28%
San José
28%
Tachkent
28%
Taipei
28%
Tallinn
28%
Thimphou
28%
Thimphou
28%
Antananarivo
24%
Castries
24%
Dakar
24%
Dakar
24%
Kuala Lumpur
24%
Ljubljana
24%
Manille
24%
Maseru
24%
Nairobi
24%
Nassau
24%
Podgorica
24%
Podgorica
24%
Port-au-Prince
24%
Pristina
24%
Sanaa
24%
San Salvador
24%
Tegucigalpa
24%
Vilnius
24%
Yaoundé
24%
Asmara
21%
Asuncion
21%
Djibouti
21%
Freetown
21%
Gaborone
21%
Gaborone
21%
Islamabad
21%
Lisbonne
21%
Malabo
21%
Maputo
21%
Mbabane
21%
Niamey
21%
Ouagadougou
21%
Port-Vila
21%
Saint-Domingue
21%
Saint-Georges
21%
Skopje
21%
Tarawa-Sud
21%
Tirana
21%
Vienne
21%
Abuja
17%
Bakou
17%
Bichkek
17%
Dacca
17%
Douchanbé
17%
Harare
17%
Kampala
17%
La Havane
17%
Malé
17%
Pretoria
17%
Skopje
17%
Sri Jayawardenapura Kotte
17%
Suva
17%
Vientiane
17%
Basseterre
14%
Bloemfontein
14%
Kampala
14%
Managua
14%
Manama
14%
Ngerulmud (Melekeok)
14%
Suva
14%
Castries
10%
Delap-Uliga-Darrit
10%
Honiara
10%
Kingstown
10%
Manille
10%
Mogadiscio
10%
Nuku'Alofa
10%
Saint-Georges
10%
Suva
10%
Tarawa-Sud
10%
Yaren
10%
Aucun quiz correspondant
Distribution des résultats
% des personnes avec chaque résultat
Percentile par nombre de réponses
Votre historique - résultats
Vous n’avez pas pris ce quiz